| 000 | 00541nam a22001817a 4500 | ||
|---|---|---|---|
| 003 | CEME | ||
| 005 | 20210628205044.0 | ||
| 008 | 210128b xxu||||| |||| 00| 0 eng d | ||
| 020 | _a0-07-042060-2 | ||
| 040 | _c. | ||
| 082 | _a670 KHA | ||
| 100 |
_aKhalid Sheikh _973661 |
||
| 245 | _aManufacturing resource planning (mrp ii);with introduction to erp, scm, and crm | ||
| 260 |
_aNEW YORK _bMCGRAW HILL _c2001 |
||
| 300 | _aXVII,585P | ||
| 650 |
_aINTRODUCTION ERP, SCM, AND CRM.MANUFACTURING PLANNING (MRP II) _973662 |
||
| 942 |
_cBK _2ddc |
||
| 999 |
_c579321 _d579321 |
||